[Event "9. Lichtenberger Sommer"]
[Site "Berlin"]
[Date "2010.08.07"]
[Round "2.54"]
[White "Krefenstein, Sergej"]
[Black "Westphal, Julian"]
[Result "1-0"]
[WhiteElo "2045"]
[BlackElo "1698"]
[PlyCount "49"]
[EventDate "2010.??.??"]
[WhiteTeam "vereinslos"]
[BlackTeam "TSG Oberschöneweide e.V."]

1. e4 e6 2. d4 d5 3. Nd2 dxe4 4. Nxe4 Be7 5. Nf3 Nf6 6. Bd3 O-O 7. Be3 Nbd7 8.
O-O Nxe4 9. Bxe4 Nf6 10. Bd3 b6 11. Qe2 c6 12. Ne5 Qc7 13. Bg5 Bb7 14. Rae1 Nd5
15. Bd2 Bf6 16. Qe4 g6 17. c4 Ne7 18. Qf4 Bg7 19. Nxg6 Qxf4 20. Nxe7+ Kh8 21.
Bxf4 Rfe8 22. Nxc6 Bxc6 23. Be5 Red8 24. Be4 Bxe4 25. Bxg7+ 1-0

[Event "9. Lichtenberger Sommer"]
[Site "Berlin"]
[Date "2010.08.07"]
[Round "2.55"]
[White "Prix, Siegfried"]
[Black "Syré, Christian"]
[Result "0-1"]
[WhiteElo "1781"]
[BlackElo "2282"]
[PlyCount "40"]
[EventDate "2010.??.??"]
[WhiteTeam "Sfrd. Berlin 1903 e.V."]
[BlackTeam "TSG Oberschöneweide e.V."]

1. e4 g6 2. d4 Bg7 3. Nc3 d6 4. f4 a6 5. Nf3 b5 6. a3 Nd7 7. Be3 Bb7 8. Bd3 c5
9. O-O Ngf6 10. dxc5 Ng4 11. Qd2 Nxe3 12. Qxe3 Nxc5 13. Nd1 Qb6 14. e5 O-O 15.
Nc3 Bxf3 16. Rxf3 dxe5 17. Nd5 Qd6 18. Be4 Nxe4 19. Qxe4 f5 20. fxe5 Qc5+ 0-1

[Event "9. Lichtenberger Sommer"]
[Site "Berlin"]
[Date "2010.08.07"]
[Round "2.56"]
[White "Yilmaz, Rahmi"]
[Black "Groß, Thorsten"]
[Result "0-1"]
[WhiteElo "1556"]
[BlackElo "2163"]
[PlyCount "126"]
[EventDate "2010.??.??"]
[WhiteTeam "BSC Rehberge 1945 e.V."]
[BlackTeam "SC Weisse Dame e.V."]

1. d4 Nf6 2. Nf3 g6 3. Bf4 Bg7 4. Nbd2 O-O 5. e4 d6 6. Bd3 Nbd7 7. O-O Nh5 8.
Be3 e5 9. c3 Qe7 10. a3 exd4 11. Bxd4 Ne5 12. Nxe5 dxe5 13. Be3 Be6 14. Be2 Nf6
15. Bf3 Rfd8 16. Qc1 Ng4 17. Bxg4 Bxg4 18. h3 Be6 19. Nf3 Bc4 20. Re1 Qe6 21.
Bh6 Bh8 22. Nd2 Ba6 23. b3 Rd3 24. Re3 Rd7 25. c4 Rad8 26. Re2 Bf6 27. Nf3 b5
28. Rc2 bxc4 29. bxc4 Bg7 30. Qe3 Rd3 31. Qg5 f6 32. Qh4 Rd1+ 33. Rxd1 Rxd1+
34. Kh2 Bxc4 35. Rb2 Rd8 36. Rb7 Qd6 37. Rxa7 Rf8 38. Bxg7 Kxg7 39. Qg3 Qb6 40.
Ra4 Qb5 41. Rb4 Qc5 42. Nd2 Be6 43. f4 Qc1 44. f5 Bxf5 45. Nb3 Qxa3 46. Rb7
Bxe4 47. Rxc7+ Rf7 48. Rxf7+ Kxf7 49. Qc3 Qd6 50. Qe3 Qd5 51. Qa7+ Qb7 52. Qa2
Bd5 53. Nc5 Bxa2 54. Nxb7 Ke6 55. Nc5+ Kf5 56. Nd3 h5 57. g3 Ke4 58. Nf2+ Kf3
59. Nd3 e4 60. Ne1+ Kf2 61. Ng2 e3 62. Nf4 Bb1 63. h4 e2 0-1

[Event "9. Lichtenberger Sommer"]
[Site "Berlin"]
[Date "2010.08.07"]
[Round "2.57"]
[White "Mildenberger, Hans"]
[Black "Slepuschkin, Shenis"]
[Result "0-1"]
[WhiteElo "1625"]
[BlackElo "2099"]
[PlyCount "45"]
[EventDate "2010.??.??"]
[WhiteTeam "BVG Helmholz"]
[BlackTeam "SK Zehlendorf e.V."]

1. d4 e6 2. Nf3 f5 3. c4 Nf6 4. Bg5 Bb4+ 5. Nbd2 O-O 6. a3 Bxd2+ 7. Qxd2 b6 8.
g3 Bb7 9. Bg2 d6 10. O-O Nbd7 11. Qc3 h6 12. Bxf6 Nxf6 13. Nd2 Bxg2 14. Kxg2
Qe8 15. h3 Qg6 16. f4 Rae8 17. Nf3 Re7 18. Nh4 Qe8 19. Qf3 g5 20. Nxf5 exf5 21.
Rae1 Re3 22. Qf2 g4 23. h4 0-1

[Event "9. Lichtenberger Sommer"]
[Site "Berlin"]
[Date "2010.08.07"]
[Round "2.58"]
[White "Kuhn, Christian"]
[Black "Hempel-Morgenstern, Markus"]
[Result "0-1"]
[WhiteElo "2009"]
[BlackElo "1564"]
[PlyCount "66"]
[EventDate "2010.??.??"]
[WhiteTeam "Spvgg 1946 e.V. Stetten"]
[BlackTeam "SG Weißensee 49 e.V."]

1. c4 Nf6 2. g3 c6 3. Bg2 e6 4. Nf3 Be7 5. O-O O-O 6. Qc2 d5 7. d4 dxc4 8. Qxc4
Qd5 9. Qc2 Qe4 10. Qxe4 Nxe4 11. Nbd2 Nf6 12. a3 a5 13. Nc4 b5 14. Nce5 Bb7 15.
Bd2 Nbd7 16. b4 a4 17. Rac1 Rfc8 18. Rc2 Rc7 19. Rfc1 Rac8 20. Nxd7 Nxd7 21.
Bf4 e5 22. Nxe5 Nxe5 23. Bxe5 Rd7 24. Bxc6 Bxc6 25. Rxc6 Rxc6 26. Rxc6 f6 27.
Rc7 Rxc7 28. Bxc7 Kf7 29. e4 Bxb4 30. Kf1 Bxa3 31. Ke2 Bb2 32. Kd3 a3 33. Kc2
Bxd4 0-1

[Event "9. Lichtenberger Sommer"]
[Site "Berlin"]
[Date "2010.08.07"]
[Round "2.59"]
[White "Völler, Lothar"]
[Black "Bergmann, Jens"]
[Result "0-1"]
[WhiteElo "1533"]
[BlackElo "1949"]
[PlyCount "104"]
[EventDate "2010.??.??"]
[WhiteTeam "Freier Sportverein von 1898 Dort"]
[BlackTeam "SK Tempelhof 1931 e.V."]

1. e4 d5 2. exd5 Qxd5 3. Nc3 Qa5 4. d4 Nf6 5. Nf3 Bg4 6. Be2 Nbd7 7. O-O c6 8.
Be3 h6 9. h3 Bf5 10. Bd3 Bxd3 11. Qxd3 g5 12. Bd2 g4 13. Nd5 Qxd5 14. c4 Qe4
15. Qxe4 Nxe4 16. hxg4 Nxd2 17. Nxd2 Nf6 18. f3 O-O-O 19. Nb3 e6 20. g3 Bd6 21.
Kg2 Rdg8 22. Rh1 h5 23. Rh4 hxg4 24. Rxh8 gxf3+ 25. Kxf3 Rxh8 26. Rg1 Rh3 27.
Nc1 e5 28. Kg2 Rh6 29. dxe5 Bxe5 30. Nd3 Bc7 31. Kf3 Rh3 32. Nf2 Rh2 33. Rg2
Rxg2 34. Kxg2 Kd7 35. Kf3 Kd6 36. Nd3 Nd7 37. Kg2 Ne5 38. Nf2 Nxc4 39. b3 Nd2
40. Ng4 Kc5 41. Nh6 f6 42. Ng4 Ne4 43. Kf3 f5 44. Ne3 Nxg3 45. Nc2 f4 46. a3 a5
47. Kf2 b5 48. b4+ Kc4 49. Kf3 axb4 50. Nxb4 c5 51. Nc6 b4 52. axb4 cxb4 0-1

[Event "9. Lichtenberger Sommer"]
[Site "Berlin"]
[Date "2010.08.07"]
[Round "2.60"]
[White "Barwich, Alfred"]
[Black "Ollek, Karl-Heinz"]
[Result "1-0"]
[WhiteElo "1909"]
[BlackElo "1838"]
[PlyCount "57"]
[EventDate "2010.??.??"]
[WhiteTeam "SV Berolina Mitte e.V."]
[BlackTeam "SC Friesen Lichtenberg e.V."]

1. d4 f5 2. Bf4 Nf6 3. e3 e6 4. h3 Be7 5. Nd2 d5 6. Ngf3 O-O 7. Bd3 Ne4 8. O-O
g5 9. Bh2 Nc6 10. Ne5 Nb4 11. Be2 c5 12. c3 Nxd2 13. Qxd2 Nc6 14. Nxc6 bxc6 15.
Be5 a5 16. f4 cxd4 17. exd4 h6 18. Bd3 c5 19. Rae1 Ba6 20. Bxa6 Rxa6 21. Qe2
Rc6 22. Qh5 Kh7 23. fxg5 Bxg5 24. Re2 Qe8 25. Qxe8 Rxe8 26. dxc5 Rxc5 27. Bd4
Rc6 28. Rxf5 Kg6 29. Rxd5 1-0

[Event "9. Lichtenberger Sommer"]
[Site "Berlin"]
[Date "2010.08.07"]
[Round "2.61"]
[White "Becker, Uwe"]
[Black "Große-Honebrink, Brigitte"]
[Result "0-1"]
[WhiteElo "1801"]
[BlackElo "1934"]
[PlyCount "50"]
[EventDate "2010.??.??"]
[WhiteTeam "SV Glück auf Rüdersdorf e.V."]
[BlackTeam "SC Kreuzberg e.V."]

1. Nf3 Nf6 2. d4 e6 3. c4 d5 4. Nc3 Be7 5. e3 O-O 6. Bd3 Nbd7 7. O-O h6 8. c5
c6 9. b4 Qc7 10. a4 e5 11. e4 exd4 12. Nxd4 dxe4 13. Nxe4 Nxe4 14. Bxe4 Nf6 15.
Bf3 Rd8 16. Be3 Nd5 17. Bxd5 Rxd5 18. Qf3 a5 19. Nb5 Qd8 20. Nc3 Rd3 21. Rfd1
axb4 22. Qe2 Bf5 23. Qf3 bxc3 24. Rxd3 Qxd3 25. Rd1 Qe4 0-1

[Event "9. Lichtenberger Sommer"]
[Site "Berlin"]
[Date "2010.08.07"]
[Round "2.62"]
[White "Nagel, Gerhard"]
[Black "Kasper, Peter"]
[Result "1-0"]
[WhiteElo "1975"]
[BlackElo "1846"]
[PlyCount "93"]
[EventDate "2010.??.??"]
[WhiteTeam "SC Einheit Bautzen"]
[BlackTeam "SG Eckturm"]

1. e4 c6 2. d4 d5 3. e5 Bf5 4. Nc3 e6 5. g4 Bg6 6. Nge2 h6 7. Nf4 Bh7 8. Bd3
Bxd3 9. Nxd3 Na6 10. Be3 Rc8 11. Qe2 c5 12. Nxc5 Nxc5 13. dxc5 Bxc5 14. Qb5+
Qd7 15. Qxd7+ Kxd7 16. Bxc5 Rxc5 17. O-O-O Ne7 18. f4 Ng6 19. Rhf1 h5 20. g5
Nh4 21. Ne4 Rc7 22. Nd6 Ke7 23. Rd3 g6 24. Rf2 Nf5 25. Nxf5+ gxf5 26. b3 Kf8
27. Rff3 Kg7 28. Rc3 Rhc8 29. Kb2 Rxc3 30. Rxc3 Rxc3 31. Kxc3 Kf8 32. Kb4 Ke7
33. Kb5 Kd7 34. a4 Kc7 35. a5 Kd7 36. Kc5 Kc7 37. b4 Kd7 38. b5 Kc7 39. Kd4 Kd7
40. Ke3 Ke7 41. Kf3 Kf8 42. Kg3 Kg7 43. Kh4 Kg6 44. c3 b6 45. a6 Kg7 46. Kxh5
Kh7 47. g6+ 1-0

[Event "9. Lichtenberger Sommer"]
[Site "Berlin"]
[Date "2010.08.07"]
[Round "2.63"]
[White "Schild, Reinhard"]
[Black "Getzuhn, Detlef"]
[Result "1-0"]
[WhiteElo "1696"]
[BlackElo "1934"]
[PlyCount "95"]
[EventDate "2010.??.??"]
[WhiteTeam "SG Weißensee 49 e.V."]
[BlackTeam "SV Senat"]

1. d4 Nf6 2. Nf3 d5 3. e3 Bg4 4. Bd3 e6 5. O-O c5 6. c3 c4 7. Bc2 Bd6 8. Nbd2
O-O 9. e4 dxe4 10. Nxe4 Nxe4 11. Bxe4 Qc7 12. Bxh7+ Kh8 13. Bc2 Bxh2+ 14. Kh1
Bd6 15. g3 g6 16. Bh6 Re8 17. Kg2 Qc6 18. Rh1 Bxf3+ 19. Qxf3 Qxf3+ 20. Kxf3 Kg8
21. Rh3 Bf8 22. Bf4 Bg7 23. Re1 Nc6 24. Ba4 a6 25. Bc2 Rac8 26. Be4 Red8 27.
Reh1 Rd7 28. Bh6 Ne7 29. Bxg7 Kxg7 30. Rh7+ Kf6 31. g4 e5 32. g5+ Ke6 33. Re1
Nd5 34. Bxg6 fxg6 35. Rxe5+ Kd6 36. Rxd7+ Kxd7 37. Rxd5+ Ke6 38. Re5+ Kd6 39.
Ke4 Rh8 40. d5 Rh4+ 41. f4 Rh2 42. Kd4 Rxb2 43. Re6+ Kc7 44. Rxg6 Rxa2 45. f5
a5 46. f6 b5 47. f7 Rf2 48. Rf6 1-0

[Event "9. Lichtenberger Sommer"]
[Site "Berlin"]
[Date "2010.08.07"]
[Round "2.64"]
[White "Schüler, Wolfgang"]
[Black "Bullig, Reinhard"]
[Result "1-0"]
[WhiteElo "1982"]
[BlackElo "1717"]
[PlyCount "85"]
[EventDate "2010.??.??"]
[WhiteTeam "SC Friesen Lichtenberg e.V."]
[BlackTeam "Sfrd. Berlin 1903 e.V."]

1. e4 c5 2. Nc3 Nc6 3. Nf3 d6 4. h3 g6 5. Bc4 e6 6. O-O Bg7 7. a3 a6 8. d3 h6
9. Ne2 Nf6 10. c3 O-O 11. Qc2 d5 12. Ba2 Qc7 13. Be3 b6 14. Bf4 Qe7 15. Rad1
Bb7 16. exd5 Nxd5 17. Bc1 Rac8 18. Nf4 Ne5 19. Nxe5 Bxe5 20. Nxd5 exd5 21. Bxh6
Bg7 22. Bxg7 Kxg7 23. d4 c4 24. Rfe1 Qh4 25. Re3 Rce8 26. Qe2 Bc6 27. Re1 Rxe3
28. Qxe3 Re8 29. Qd2 Rxe1+ 30. Qxe1 Qg5 31. Qe5+ Qxe5 32. dxe5 Kf8 33. f4 Ke7
34. Kf2 a5 35. Bb1 Ke6 36. g3 b5 37. Ke3 Ke7 38. Kd4 Ke6 39. Bc2 a4 40. Bd1 f5
41. exf6 Kxf6 42. Kc5 Be8 43. Bf3 1-0

[Event "9. Lichtenberger Sommer"]
[Site "Berlin"]
[Date "2010.08.07"]
[Round "2.65"]
[White "Streit, Jürgen"]
[Black "Heldt, Ronny"]
[Result "1-0"]
[WhiteElo "1946"]
[BlackElo "1611"]
[PlyCount "155"]
[EventDate "2010.??.??"]
[WhiteTeam "Schachzirkel Elstertal Langenber"]
[BlackTeam "SC Kreuzberg e.V."]

1. e4 e6 2. Qe2 Be7 3. b3 d5 4. Bb2 Nf6 5. e5 Nfd7 6. Nf3 c5 7. g3 Nc6 8. Bg2
Qc7 9. O-O Rb8 10. Re1 b5 11. d3 a5 12. Nbd2 c4 13. Nf1 Bb4 14. c3 Be7 15. bxc4
bxc4 16. d4 Nb6 17. Qc2 Bd7 18. Bc1 h6 19. Bd2 O-O 20. Ne3 Rb7 21. Ng4 Qd8 22.
h4 f5 23. exf6 Bxf6 24. Qg6 Be8 25. Qc2 Bf7 26. Bf4 Kh8 27. Qd2 Kg8 28. Qc2 Kh8
29. Kh2 Nc8 30. Rh1 N8e7 31. Ng5 Bg6 32. Nxe6 Bxc2 33. Nxd8 Rxd8 34. Nxf6 gxf6
35. Bxh6 Kh7 36. Bc1 f5 37. Re1 Be4 38. f3 Bd3 39. Re6 Rg8 40. Bg5 Rg6 41. Rae1
Rxe6 42. Rxe6 a4 43. g4 fxg4 44. fxg4 Rd7 45. Bh3 a3 46. Bxe7 Nxe7 47. Ra6 Ng6
48. h5 Nf4 49. Rxa3 Nxh3 50. Kxh3 Rg7 51. Kh4 Be4 52. g5 Bf3 53. Ra8 Re7 54.
g6+ Kg7 55. Kg5 Bxh5 56. Kxh5 Re1 57. Ra7+ Kg8 58. Kg5 Rg1+ 59. Kf6 Rf1+ 60.
Ke6 Rg1 61. Kxd5 Rxg6 62. Kxc4 Rc6+ 63. Kd3 Kf8 64. d5 Rd6 65. Kd4 Ke8 66. c4
Kd8 67. c5 Rf6 68. d6 Rf1 69. Kd5 Rd1+ 70. Kc6 Ke8 71. Kc7 Rd5 72. c6 Rd3 73.
Ra8+ Kf7 74. d7 Ke7 75. d8=Q+ Rxd8 76. Rxd8 Ke6 77. Re8+ Kd5 78. Kd7 1-0

[Event "9. Lichtenberger Sommer"]
[Site "Berlin"]
[Date "2010.08.07"]
[Round "2.66"]
[White "Ross, Chris N"]
[Black "Schilke, Michael"]
[Result "1-0"]
[WhiteElo "2207"]
[BlackElo "1954"]
[PlyCount "105"]
[EventDate "2010.??.??"]
[WhiteTeam "New England"]
[BlackTeam "SV Berolina Mitte e.V."]

1. d4 d5 2. c4 Nc6 3. Nf3 Bg4 4. cxd5 Bxf3 5. gxf3 Qxd5 6. e3 e6 7. Nc3 Qh5 8.
Be2 Qh3 9. f4 Nf6 10. a3 Be7 11. Bd2 O-O 12. Bf1 Qh5 13. Qxh5 Nxh5 14. d5 exd5
15. Nxd5 Rfd8 16. Bc4 Nf6 17. Nxe7+ Nxe7 18. Ke2 Ne4 19. Be1 Nd5 20. f3 Nef6
21. Bd2 Re8 22. Kf2 Rad8 23. Rad1 Rd7 24. e4 Nb6 25. Bb3 Red8 26. Bc3 Rxd1 27.
Rxd1 Rxd1 28. Bxd1 Ne8 29. a4 Nd7 30. Ke3 g6 31. a5 Ng7 32. Bd4 a6 33. Ba4 c6
34. Bb3 Kf8 35. Bc3 Ne6 36. Bc4 Ke7 37. Bb4+ c5 38. Bc3 Nc7 39. b4 cxb4 40.
Bxb4+ Ke8 41. Bd6 Ne6 42. Bd5 b6 43. axb6 Nxb6 44. Bc6+ Kd8 45. Kd3 a5 46. f5
Ng5 47. Ke2 gxf5 48. exf5 f6 49. Bc5 Nc4 50. Bd5 Ne5 51. f4 Nd7 52. Bd4 Nh3 53.
Kf3 1-0

[Event "9. Lichtenberger Sommer"]
[Site "Berlin"]
[Date "2010.08.07"]
[Round "2.67"]
[White "Bauer, Stefan"]
[Black "Fleischmann, Torsten"]
[Result "0-1"]
[WhiteElo "1684"]
[BlackElo "1888"]
[PlyCount "68"]
[EventDate "2010.??.??"]
[WhiteTeam "SC Kreuzberg e.V."]
[BlackTeam "Treptower SV 1949 e.V."]

1. Nf3 c5 2. c4 Nc6 3. Nc3 g6 4. g3 Bg7 5. Bg2 Nf6 6. O-O O-O 7. e4 a6 8. Re1
Rb8 9. a4 d6 10. d3 Ng4 11. h3 Nge5 12. Nxe5 dxe5 13. Be3 Qd6 14. Ra3 e6 15.
Ne2 f5 16. Qb1 f4 17. gxf4 exf4 18. Nxf4 Rxf4 19. Qc1 Rf7 20. f4 Bd4 21. e5 Qf8
22. Rf1 Rxf4 23. Bxd4 Rxf1+ 24. Bxf1 Nxd4 25. Qd1 Qf3 26. Qxf3 Nxf3+ 27. Kf2
Nxe5 28. Ke3 Nc6 29. Ra1 Kf7 30. Bg2 Bd7 31. Rf1+ Ke7 32. h4 Nd4 33. Rf2 Bxa4
34. Bf1 Rf8 0-1

[Event "9. Lichtenberger Sommer"]
[Site "Berlin"]
[Date "2010.08.07"]
[Round "2.68"]
[White "Buraczynski, Radoslaw"]
[Black "Schneider, Eckehard"]
[Result "1-0"]
[WhiteElo "1789"]
[BlackElo "1762"]
[PlyCount "75"]
[EventDate "2010.??.??"]
[WhiteTeam "USG Chemnitz"]
[BlackTeam "Sfrd. Berlin 1903 e.V."]

1. e4 e6 2. d4 d5 3. Nc3 Nf6 4. Bg5 Bb4 5. exd5 exd5 6. Qf3 Be6 7. Bxf6 Qxf6 8.
Qxf6 gxf6 9. Bd3 Nc6 10. a3 Bxc3+ 11. bxc3 O-O-O 12. Ne2 Rde8 13. Kd2 Na5 14.
Nf4 h5 15. Rab1 c6 16. h4 Kc7 17. Rhe1 b6 18. Re3 Nc4+ 19. Bxc4 dxc4 20. Rbe1
Kd6 21. Rg3 Re7 22. Ree3 Rd7 23. Rg7 Re7 24. Reg3 a5 25. Rg8 Re8 26. Rxe8 Rxe8
27. Nxh5 Rh8 28. Nxf6 Rxh4 29. f3 Rh1 30. Rg8 Ra1 31. g4 Rxa3 32. Rb8 b5 33.
Rb7 b4 34. Ne4+ Kd5 35. Nf6+ Kd6 36. f4 Bd5 37. Ne8+ Ke6 38. f5# 1-0

[Event "9. Lichtenberger Sommer"]
[Site "Berlin"]
[Date "2010.08.07"]
[Round "2.69"]
[White "Winz, Michael"]
[Black "Schmalzried, Volker"]
[Result "0-1"]
[WhiteElo "1697"]
[BlackElo "1853"]
[PlyCount "98"]
[EventDate "2010.??.??"]
[WhiteTeam "SC Friesen Lichtenberg e.V."]
[BlackTeam "Umweltbundesamt"]

1. d4 g6 2. c4 Bg7 3. e4 c5 4. d5 d6 5. Nc3 Nf6 6. Nf3 O-O 7. Be2 Na6 8. a3 Nc7
9. O-O a6 10. Bg5 Rb8 11. Qd2 b5 12. cxb5 axb5 13. b4 Ng4 14. h3 Ne5 15. Nxe5
Bxe5 16. Bh6 Bg7 17. Bxg7 Kxg7 18. f4 cxb4 19. axb4 e6 20. Ra5 exd5 21. Nxd5
Nxd5 22. Qxd5 Qb6+ 23. Kh2 Be6 24. Qd2 Bc4 25. f5 f6 26. Rfa1 Rb7 27. Bf3 Rd7
28. Ra6 Qc7 29. Kh1 Qd8 30. Qd4 Qe7 31. Ra7 Rfd8 32. fxg6 hxg6 33. Bg4 Be6 34.
Bxe6 Qxe6 35. Qb6 Rxa7 36. Rxa7+ Rd7 37. Ra8 Qxe4 38. Qb8 Kh6 39. Qxb5 Qxa8 40.
Qxd7 Qa1+ 41. Kh2 Qe5+ 42. Kh1 Qe1+ 43. Kh2 Qxb4 44. Qd8 Qf4+ 45. Kh1 Qe5 46.
Qh8+ Kg5 47. h4+ Kg4 48. Qh6 Qe1+ 49. Kh2 Qxh4+ 0-1

[Event "9. Lichtenberger Sommer"]
[Site "Berlin"]
[Date "2010.08.07"]
[Round "2.70"]
[White "Möller, Dirk"]
[Black "Mehringer, Jörg"]
[Result "0-1"]
[WhiteElo "1621"]
[BlackElo "1894"]
[PlyCount "54"]
[EventDate "2010.??.??"]
[WhiteTeam "SC Kreuzberg e.V."]
[BlackTeam "SC Weisse Dame e.V."]

1. e4 e5 2. Nf3 Nc6 3. Bb5 f5 4. exf5 e4 5. Bxc6 bxc6 6. Ne5 Nf6 7. d4 Bb7 8.
Bg5 d6 9. Bxf6 Qxf6 10. Qh5+ g6 11. fxg6 O-O-O 12. Qg4+ Kb8 13. Nd7+ Rxd7 14.
Qxd7 Qxg6 15. O-O Bg7 16. c3 d5 17. Qh3 Rg8 18. Nd2 Bh6 19. Nb3 Bc8 20. Qg3 Qf7
21. Qh4 Bg5 22. Qg3 Bf4 23. Qh4 Qg6 24. g4 Bxg4 25. f3 Bxf3+ 26. Kf2 Qg2+ 27.
Ke1 Qe2# 0-1

[Event "9. Lichtenberger Sommer"]
[Site "Berlin"]
[Date "2010.08.07"]
[Round "2.71"]
[White "Schulz, Toni"]
[Black "Tolle, Gerd"]
[Result "0-1"]
[WhiteElo "1857"]
[BlackElo "1500"]
[PlyCount "124"]
[EventDate "2010.??.??"]
[WhiteTeam "ESV Lok Raw Cottbus e.V."]
[BlackTeam "SV Gundeldingen"]

1. d4 d5 2. Nf3 Nf6 3. Bf4 e6 4. e3 Bd6 5. Bxd6 cxd6 6. c4 O-O 7. Nc3 dxc4 8.
Bxc4 d5 9. Bd3 Nc6 10. O-O Bd7 11. Rc1 a6 12. Ne5 Be8 13. f4 Nd7 14. Nxc6 bxc6
15. Na4 Nb6 16. Nc5 a5 17. Rf3 Nc8 18. Rh3 g6 19. g4 Qf6 20. g5 Qe7 21. Qe1 f6
22. gxf6 Qxf6 23. Na6 Rf7 24. Qxa5 Nd6 25. Qd2 Rg7 26. Kh1 Ne4 27. Bxe4 dxe4
28. Nb4 Qf5 29. Rg3 g5 30. Rc5 Qf6 31. Rcxg5 Rxg5 32. Rxg5+ Kh8 33. Qg2 Bg6 34.
a3 Rg8 35. Nxc6 Rc8 36. Rc5 Qh4 37. Qg3 Qf6 38. b4 Bh5 39. Rxh5 Rxc6 40. Rc5 e5
41. dxe5 Qe6 42. Rxc6 Qxc6 43. Qe1 Qa6 44. Qc1 Qe2 45. Qc8+ Kg7 46. Qd7+ Kh8
47. Qd8+ Kg7 48. Qf6+ Kg8 49. Qg5+ Kf8 50. h4 Qxe3 51. Kh2 Qf2+ 52. Kh3 Qf1+
53. Kg4 Qg2+ 54. Kh5 Qxg5+ 55. fxg5 e3 56. Kh6 Kg8 57. g6 hxg6 58. Kxg6 e2 59.
e6 e1=Q 60. Kf6 Qxh4+ 61. Ke5 Kf8 62. Kd6 Qd4+ 0-1

[Event "9. Lichtenberger Sommer"]
[Site "Berlin"]
[Date "2010.08.07"]
[Round "2.72"]
[White "Mitschke, Ullrich"]
[Black "Albinus, Günter"]
[Result "1-0"]
[WhiteElo "1429"]
[BlackElo "1847"]
[PlyCount "63"]
[EventDate "2010.??.??"]
[WhiteTeam "Queer-Springer SSV Berlin"]
[BlackTeam "SG Weißensee 49 e.V."]

1. c4 Nf6 2. g3 e6 3. Bg2 d5 4. cxd5 exd5 5. d4 c6 6. Bf4 Bd6 7. Bxd6 Qxd6 8.
Qd3 O-O 9. e3 Re8 10. Nc3 Qe7 11. O-O-O a5 12. h4 Nbd7 13. Nf3 Ne4 14. Rhf1
Ndf6 15. Nd2 Nd6 16. Rde1 Bf5 17. Qe2 Qd7 18. f3 Bg6 19. g4 h6 20. Rh1 Re7 21.
Bh3 Qe8 22. h5 Bh7 23. Nf1 b5 24. Ng3 Nc4 25. Nd1 a4 26. g5 hxg5 27. Bf5 c5 28.
Qd3 Qc6 29. Bxh7+ Nxh7 30. Kb1 Rae8 31. Nf5 Rb8 32. Nxe7+ 1-0

[Event "9. Lichtenberger Sommer"]
[Site "Berlin"]
[Date "2010.08.07"]
[Round "2.73"]
[White "Junge, Wolfgang"]
[Black "Mako, Attila"]
[Result "1-0"]
[WhiteElo "1745"]
[BlackElo "1747"]
[PlyCount "129"]
[EventDate "2010.??.??"]
[WhiteTeam "SC Friesen Lichtenberg e.V."]
[BlackTeam "BSC Rehberge 1945 e.V."]

1. d4 d5 2. c4 c6 3. Nf3 Nf6 4. Nc3 h6 5. e3 Bf5 6. Qb3 Qb6 7. Qxb6 axb6 8.
cxd5 Nxd5 9. Nxd5 cxd5 10. Bd2 Nc6 11. a3 f6 12. Bb5 Bd7 13. O-O e6 14. Rac1
Bd6 15. Rc3 O-O 16. Rfc1 Rf7 17. Bd3 f5 18. Be2 f4 19. Rb3 fxe3 20. Bxe3 Bc7
21. Ne5 Bxe5 22. dxe5 Nxe5 23. Rxb6 Bc6 24. Rb3 Nc4 25. Bg4 Rf6 26. Bc5 Kf7 27.
Re1 Nd2 28. Rd3 Ne4 29. Bd4 e5 30. Bxe5 Nxf2 31. Bh5+ g6 32. Rf3 Rxf3 33. Bxf3
Nd3 34. Re3 Re8 35. Rxd3 Rxe5 36. Kf2 h5 37. Bd1 Kf6 38. b4 Re4 39. Rf3+ Kg5
40. Bc2 Rc4 41. Rg3+ Rg4 42. Rxg4+ hxg4 43. g3 d4 44. Ke2 Bb5+ 45. Kd2 Kf6 46.
a4 Bc4 47. a5 g5 48. Bd3 Bd5 49. b5 Ke5 50. a6 b6 51. Be2 Kd6 52. Bxg4 Kc7 53.
Kd3 Bg2 54. Be2 Kb8 55. Kxd4 Ka7 56. h4 gxh4 57. gxh4 Bh3 58. Ke5 Bd7 59. h5
Be8 60. h6 Bg6 61. Kf6 Be4 62. Kg7 Bf5 63. h7 Be6 64. h8=Q Bc4 65. Qh1 1-0

[Event "9. Lichtenberger Sommer"]
[Site "Berlin"]
[Date "2010.08.07"]
[Round "2.74"]
[White "Heuser, Philip"]
[Black "Mühlhan, Klaus"]
[Result "1-0"]
[WhiteElo "2108"]
[BlackElo "1932"]
[PlyCount "79"]
[EventDate "2010.??.??"]
[WhiteTeam "SG Heidelberg-Kirchheim"]
[BlackTeam "SC Empor Potsdam 1952 e.V."]

1. d4 Nf6 2. c4 c5 3. Nf3 cxd4 4. Nxd4 b6 5. Nc3 a6 6. e4 d6 7. Bg5 e6 8. f4
Be7 9. Bd3 Bb7 10. O-O Nbd7 11. Qe1 Qc7 12. Kh1 h6 13. Bh4 Nc5 14. Bc2 Ng4 15.
Bxe7 Qxe7 16. Qg3 h5 17. Rae1 O-O-O 18. Bd1 Nf6 19. Bf3 h4 20. Qg5 g6 21. e5
Ng8 22. Qxe7 Nxe7 23. Bxb7+ Kxb7 24. Nf3 Nf5 25. Ng5 Rd7 26. Nce4 dxe5 27.
Nxc5+ bxc5 28. fxe5 Rh5 29. Ne4 Rc7 30. Kg1 Kc6 31. Kf2 Nd4 32. Nd6 Rh8 33. Kg1
Rf8 34. Ne4 Nf5 35. Rd1 Rh8 36. Rd3 Rh5 37. Re1 Nd4 38. Nd6 Rg5 39. b4 Rd7 40.
bxc5 1-0

[Event "9. Lichtenberger Sommer"]
[Site "Berlin"]
[Date "2010.08.07"]
[Round "2.75"]
[White "Hübner, Alan-Ari"]
[Black "Lang, Martin"]
[Result "0-1"]
[WhiteElo "1558"]
[BlackElo "1945"]
[PlyCount "94"]
[EventDate "2010.??.??"]
[WhiteTeam "TuS Makkabi Berlin e.V."]
[BlackTeam "SC Zugzwang 95 e.V."]

1. d4 Nf6 2. c4 e6 3. Nc3 Bb4 4. e3 c5 5. a3 Bxc3+ 6. bxc3 d5 7. cxd5 exd5 8.
Bd3 O-O 9. Ne2 c4 10. Bc2 Bg4 11. f3 Bh5 12. O-O Bg6 13. Ng3 Bxc2 14. Qxc2 Qc7
15. e4 h5 16. e5 h4 17. Nf5 Nh7 18. Nxh4 Nc6 19. f4 Ne7 20. Be3 Rfe8 21. Nf5
Nxf5 22. Qxf5 g6 23. Qh3 f5 24. Kh1 Re6 25. g4 Rf8 26. gxf5 Rxf5 27. Rg1 Qf7
28. Rab1 Kf8 29. Rb5 Rh5 30. Qg4 Re7 31. Qxg6 Nf6 32. Qxf7+ Kxf7 33. Kg2 Ng4
34. Kf3 Nxh2+ 35. Kg3 Ke6 36. Kf2 Rh4 37. Rg6+ Kf5 38. Rg5+ Ke4 39. Ke2 Ng4 40.
Bd2 Reh7 41. f5 Rh2+ 42. Kd1 Kd3 43. Be1 Ne3+ 44. Kc1 Rc2+ 45. Kb1 Rh1 46. Ka1
Rc1+ 47. Ka2 Rhxe1 0-1

[Event "9. Lichtenberger Sommer"]
[Site "Berlin"]
[Date "2010.08.07"]
[Round "2.76"]
[White "Enis, Arpaci"]
[Black "Körner, Helmut"]
[Result "0-1"]
[WhiteElo "1400"]
[BlackElo "1965"]
[PlyCount "120"]
[EventDate "2010.??.??"]
[WhiteTeam "vereinslos"]
[BlackTeam "Sfr.Nord-Ost Berlin"]

1. g3 d5 2. Bg2 e5 3. d3 Nf6 4. Nf3 Bd6 5. O-O O-O 6. Nbd2 Re8 7. c4 c6 8. b3
e4 9. dxe4 dxe4 10. Ng5 e3 11. Nde4 exf2+ 12. Rxf2 Be5 13. Qxd8 Rxd8 14. Rb1
Ng4 15. Rf1 Bd4+ 16. Kh1 f5 17. h3 Ne3 18. Bxe3 Bxe3 19. Rf3 Bxg5 20. Nxg5 h6
21. Nf7 Kxf7 22. g4 Na6 23. gxf5 Rd2 24. Rbf1 Rxe2 25. h4 Re4 26. h5 Rh4+ 27.
Rh3 Rxh3+ 28. Bxh3 Kf6 29. Rg1 Bd7 30. Rg6+ Kf7 31. Bg4 Re8 32. Rd6 Bc8 33. a3
Nc5 34. Kg2 Ne4 35. Rg6 Nf6 36. Bh3 Re3 37. Rg3 Rxg3+ 38. Kxg3 Nxh5+ 39. Kg4
Nf6+ 40. Kf4 Ke7 41. c5 Nd7 42. b4 Kf6 43. Bg4 Ne5 44. Bh3 g5+ 45. Ke4 g4 46.
Bf1 Bxf5+ 47. Kf4 Ng6+ 48. Kg3 h5 49. b5 h4+ 50. Kh2 Ke5 51. b6 axb6 52. cxb6
Kd4 53. Ba6 Bc8 54. Be2 c5 55. a4 Ne5 56. a5 c4 57. Kg1 c3 58. Bd1 Ke3 59. Ba4
Kd2 60. a6 bxa6 0-1